| 000 | 00438cam a2200181ua 4500 | ||
|---|---|---|---|
| 020 | _c2.00 | ||
| 041 |
_amal _h |
||
| 082 |
_a590 _bGOL/AA |
||
| 100 | _aGoldman, Irvini . | ||
| 245 |
_aAadimanushyar / _cIrvini Goldman. _hTextual Documents |
||
| 260 |
_aEranakulam : _bPrabhath Book House , _c1957. |
||
| 300 | _a223 ; . | ||
| 365 | _a2.00 | ||
| 504 | _a | ||
| 700 | 1 | _aGoldman, Hannah . | |
| 942 | _cBK | ||
| 999 |
_c5235 _d5235 |
||